Infamous Assassins - Statistics

General Stats
  • This quiz has been taken 39 times
    30 since last reset
  • The average score is 4 of 13
Answer Stats
Year Victim Answer % Correct
44 BC Julius Caeser Marcus Brutus et al.
92%
1865 Abraham Lincoln John Wilkes Booth
84%
1914 Franz Ferdinand Gavrilo Princip
60%
1963 Lee Harvey Oswald Jack Ruby
52%
1980 John Lennon Mark David Chapman
48%
1968 Robert Kennedy Sirhan Sirhan
36%
1968 Martin Luther King Jr. James Earl Ray
12%
1958 Mahatma Gandhi Nathuram Godse
8%
1940 Leon Trotsky Ramón Mercader
8%
1979 Louis Mountbatten Thomas McMahon
4%
1997 Biggie Wardell Fouse
4%
2021 David Amess, MP Ali Harbi Ali
0%
1136 Harald IV of Norway Sigurd Slembe
0%
No matching quizzes found
Score Distribution
Percent of People with Each Score
Percentile by Number Answered
Your Score History
You have not taken this quiz since the last reset